| 000 | 01641cam a22004457a 4500 | ||
|---|---|---|---|
| 003 | CHAP | ||
| 005 | 20220817043910.0 | ||
| 008 | 030623d2000 mx d rs 00110 spa d | ||
| 010 | _a87420 | ||
| 011 | _a88392 | ||
| 020 | _a9706284818 | ||
| 035 | _a98937 | ||
| 040 | _cCHAP | ||
| 090 | _aFolleto 16626 | ||
| 100 | 0 | 0 |
_aPartida Bush, Virgilio. _985802 |
| 245 | 1 | 0 |
_aProyecciones de la población económicamente activa, de la matrícula educativa, de los hogares y las viviendas y de la población por tamaño de la localidad _c/por Virgilio Partida Bush |
| 260 |
_aMéxico, D. F. : _bConsejo Nacional de Población, _c2000 |
||
| 300 |
_a86 p. : _bgráfs. ; cuadros ; + 1 disquette de 3 1/2 '' |
||
| 410 | 2 | 1 | _aCONAPO |
| 490 | 0 | _aSerie: escenarios prospectivos | |
| 590 |
_aBATCH-UPD _b10 _c20130110 _lUCH01 _h0535 |
||
| 590 |
_aBATCH-UPD _b10 _c20130110 _lUCH01 _h2328 |
||
| 590 |
_aBATCH-UPD _b10 _c20130410 _lUCH01 _h0215 |
||
| 590 |
_aBATCH-UPD _b10 _c20130410 _lUCH01 _h1618 |
||
| 590 |
_aBATCH-UPD _b10 _c20130914 _lUCH01 _h1025 |
||
| 590 |
_aCONVERSION _b10 _c20130109 _lUCH01 _h1348 |
||
| 650 | 1 | 4 |
_aEducación activa. _935490 |
| 650 | 1 | 4 |
_aFamilia _xMéxico. _939408 |
| 650 | 1 | 4 |
_aMéxico _xCondiciones económicas. |
| 650 | 1 | 4 |
_aMéxico _xCondiciones sociales. _976730 |
| 650 | 1 | 4 |
_aPoblación _xMéxico. _989408 |
| 650 | 1 | 4 |
_aVivienda _zMéxico. _9120153 |
| 810 | 0 | 0 |
_aCONAPO _926278 |
| 830 | 0 | 0 |
_aSerie: escenarios prospectivos _9105097 |
| 901 | _aBK | ||
| 905 | _aMarco A. Medoza T. | ||
| 942 | _cCD | ||
| 949 |
_aCD _bBC _cCD _d33724002035710 _eCD _i98937 _sb |
||
| 949 |
_aFolleto 16626 _bBC _cFOLL _d33724002001149 _eTS1 _i98937 _sb |
||
| 999 |
_c87420 _d87420 |
||